000 00388nam a22001457a 4500
020 _a8188458260
082 _a621.37 GUP
100 _aGupta, J.B.
245 _aElectrical measurements and measuring instruments.
260 _aNew Delhi, India
_bS.K. Kataria & Sons
_c2011
300 _aiii, 586 p.
_bill. ;
500 _aIncludes index.
650 _aElectric measurements.
942 _cBK
999 _c12591
_d12591